Nobody Nowhere. The Extraordinary Autobiography of an Autistic.
Uloženo v:
| Hlavní autor: | |
|---|---|
| Médium: | Kniha |
| Jazyk: | angličtina |
| Vydáno: |
Toronto, Canada:
Doubleday Canada Limited,
1993.
|
| Témata: | |
| Tagy: |
Přidat tag
Žádné tagy, Buďte první, kdo vytvoří štítek k tomuto záznamu!
|
MARC
| LEADER | 00000nam a22000007a 4500 | ||
|---|---|---|---|
| 003 | CL-VaPUC | ||
| 005 | 20241216170203.0 | ||
| 008 | 241211t1993 ||||| |||| 00| 0 eng d | ||
| 999 | |c 446256 |d 446254 | ||
| 020 | |a 0-385-25425-3 | ||
| 040 | |c Pontificia Universidad Católica de Valparaíso | ||
| 082 | |2 22 |a 823.3 WIL 1993 | ||
| 100 | |9 894735 |a Williams, Donna |e author | ||
| 245 | |a Nobody Nowhere. |b The Extraordinary Autobiography of an Autistic. | ||
| 260 | |a Toronto, Canada: |b Doubleday Canada Limited, |c 1993. | ||
| 300 | |a xviii, 219 páginas. | ||
| 500 | |a c.1: Donación ELE. 9-09-2024. | ||
| 583 | |c 20241211 |k Yessy Sthefany Diaz Vidal | ||
| 600 | 0 | |9 894735 |a Williams, Donna |v Autobiografía |x Autismo | |
| 650 | 0 | |9 353685 |a Literatura australiana |x Trastorno del Espectro Autista (TEA) |x Mujeres autistas | |
| 650 | 0 | |9 894745 |a Australian literature |x Autistic women |x Autism Spectrum Disorder (ASD) | |
| 942 | |2 ddc |c BK | ||
| 952 | |0 0 |1 0 |2 ddc |4 0 |6 823_300000000000000_WIL_1993 |7 0 |8 A |9 598598 |a BIBGIM |b BIBGIM |d 2024-12-11 |e Donación |i 5663582 |o 823.3 WIL 1993 |p 5663582 |r 2025-01-15 |t 1 |w 2024-12-11 |y BK |k ELE | ||